|
|
|
|
| LEADER |
00850nam a22002292a 4500 |
| 001 |
000431782 |
| 003 |
CZ BrMZK |
| 005 |
20120426131219.0 |
| 007 |
ta |
| 008 |
990307s1982 xo f slo d |
| 040 |
|
|
|a ABA001
|b cze
|c ABA001
|d ABA001
|d BOA001
|
| 080 |
9 |
|
|a 485.4-15(038)=854
|
| 100 |
1 |
|
|a Kráľ, Ábel,
|d 1932-2023
|7 mzk2002142303
|4 aut
|
| 245 |
1 |
0 |
|a Príručný slovník slovenskej výslovnosti /
|c Ábel Kráľ
|
| 250 |
|
|
|a 2., opr. vyd.
|
| 260 |
|
|
|a Bratislava :
|b Slov. pedagog. nakl.,
|c 1982
|
| 300 |
|
|
|a 646 s. +
|e [1] vol. příl. ;
|c 20 cm
|
| 910 |
|
|
|a BOA001
|b PK-0085.343-82
|b 1-0802.189-82
|
| 990 |
|
|
|a BK
|
| 991 |
|
|
|b 200506
|
| 996 |
6 |
|
|b 2619562845
|c 1-0802.189-82
|l MZK
|r Sklad / do 1 hodiny
|n 1
|w 000431782
|u 000020
|a 1
|e BOA001
|j MZK50
|s P
|
| 996 |
7 |
|
|b 3119829756
|c PK-0085.343-82
|l MZK
|r Sklad / do 1 hodiny
|n 1
|w 000431782
|u 000010
|a 1
|e BOA001
|j MZK50
|s A
|